| 000 | 00882nam a2200229 i 4500 | ||
|---|---|---|---|
| 001 | 92157 | ||
| 003 | ES-MaACL | ||
| 005 | 20250902061256.0 | ||
| 008 | 050222s1969 sp a |||| | spa d | ||
| 100 | 1 |
_aLhermitte, Pierre. _972134 |
|
| 245 | 1 | 3 |
_aLa informática _b: consecuencias previsibles del desarrollo de la automatización del management empresarial / _cPierre Lhermitte ; versión F. Minguella Rubió ; apéndice de Alberto Corominas Subias, Alfonso Rodríguez Bayraguet. |
| 250 | _a1ª ed. | ||
| 260 |
_aBarcelona : _bOikos-tau, _c1969. |
||
| 300 |
_a294 p. : _bil. ; _c20 cm. |
||
| 650 | 0 | 4 |
_aInformática. _913758 |
| 650 | 0 | 4 |
_aEmpresas- _xAutomatización _912214 |
| 700 | 1 |
_aMinguella Rubio, F. _981339 |
|
| 700 | 1 |
_aCorominas Subías, Alberto. _940663 |
|
| 700 | 1 |
_aRodríguez Bayraguet, Alfonso. _998377 |
|
| 852 |
_aES-MaACL _jC-39457 |
||
| 999 |
_c92157 _d92157 |
||